LIBRARY ONLINE CATALOGUE

Sessional Paper no. 1 of 1986 on economic management for renewed growth. (Record no. 1717)

MARC details
000 -LEADER
fixed length control field 00619cam a22002052 4500
001 - CONTROL NUMBER
control field 0000025214
005 - DATE AND TIME OF LATEST TRANSACTION
control field 20151021152612.0
008 - FIXED-LENGTH DATA ELEMENTS--GENERAL INFORMATION
fixed length control field 150324s xx 000 0 eng d
040 ## - CATALOGING SOURCE
Original cataloging agency KABU
Transcribing agency KABU
110 2# - MAIN ENTRY--CORPORATE NAME
Corporate name or jurisdiction name as entry element Kenya.
-- 0000150215
245 10 - TITLE STATEMENT
Title Sessional Paper no. 1 of 1986 on economic management for renewed growth.
260 ## - PUBLICATION, DISTRIBUTION, ETC. (IMPRINT)
Place of publication, distribution, etc. Nairobi :
Name of publisher, distributor, etc. Govt. Printer,
Date of publication, distribution, etc. 1986.
300 ## - PHYSICAL DESCRIPTION
Extent 117 p.
362 0# - DATES OF PUBLICATION AND/OR SEQUENTIAL DESIGNATION
Dates of publication and/or sequential designation no. 1.
650 #0 - SUBJECT ADDED ENTRY--TOPICAL TERM
Topical term or geographic name as entry element Economic policies
Geographic subdivision Kenya.
-- 0000185686
651 #0 - SUBJECT ADDED ENTRY--GEOGRAPHIC NAME
Geographic name Kenya
General subdivision Economic policy.
-- 0000150198
908 ## - PUT COMMAND PARAMETER (RLIN)
Put command parameter 150324
950 ## - LOCAL HOLDINGS (RLIN)
-- 1
Holdings
Withdrawn status Lost status Source of classification or shelving scheme Not for loan Home library Current library Date acquired Total Checkouts Full call number Barcode Date last seen Date last checked out Copy number Price effective from Koha item type
    Library of Congress Classification   Kabarak, Main Campus Kabarak, Main Campus 21/10/2015 1 HC865 .K4K46 1986c. 1 017618 02/08/2024 30/01/2020 c.1 21/10/2015 General Collection